Calciatori e Anno di nascita - Quiz n°14 - Statistics

Statistiche generali
  • Questo quiz è stato fatto 10 volte
  • Il punteggio medio è 4 su 10
Statistiche sulle risposte
Hint Risposta % Corretto
Declan Rice 1999
60%
Mauricio Pinilla 1984
50%
James Rodríguez 1991
50%
Eliaquim Mangala 1991
50%
Giacomo Bonaventura 1989
30%
Eric Maxim Choupo-Moting 1989
30%
Denis Zakaria 1996
30%
Unai Simón 1997
30%
Raphaël Guerreiro 1993
20%
Thilo Kehrer 1996
20%
Nessun quiz corrispondente trovato
Distribuzione punteggi
Percentuale di utenti per punteggio
Percentile per numero di risposta
I tuoi punteggi nel tempo
Non hai fatto questo quiz